LEADER 02379nam 2200493 450 001 9910797053503321 005 20230807214111.0 010 $a1-926452-93-3 035 $a(CKB)3710000000377824 035 $a(MiAaPQ)EBC5598293 035 $a(MiAaPQ)EBC6165952 035 $a(EXLCZ)993710000000377824 100 $a20190605h20152015 uy| 0 101 0 $aeng 135 $aurcnu|||||||| 181 $ctxt$2rdacontent 182 $cc$2rdamedia 183 $acr$2rdacarrier 200 10$aAnansesem $etelling stories and storytelling African maternal pedagogies /$fAdwoa Ntozake Onuora 210 1$aBradford, ON :$cDemeter Press,$d[2015] 210 4$dİ2015 215 $a1 online resource (xi, 138 pages) 311 $a1-927335-19-1 320 $aIncludes bibliographical references. 330 $a"Anansesem: Telling Stories and Storytelling African Maternal Pedagogies is a composite story on African-Canadian mothers' experiences of teaching and learning while mothering. It seeks to celebrate the African mother's everyday experiences and honour her embodied and cultural knowledges as important sites of meaning making and discovery for the African child. Through the Afro-indigenous art of Anansi storytelling, memoir, creative non-fiction and illustrations, the author takes you on an evocative narrative journey that focuses on how African descended women draw upon and are central to African childrens' cultural, social and identity development. In entering these stories, readers access their joys, sadness, strengths and weaknesses as they mother in the midst of marginalization. The book is a testament to the power of counter-storytelling for inspiring internal and external transformation."--$cProvided by publisher. 606 $aStorytelling 606 $aDiscourse analysis, Narrative 606 $aEducation$xBiographical methods 606 $aAutobiography$xAuthorship 606 $aMotherhood 615 0$aStorytelling. 615 0$aDiscourse analysis, Narrative. 615 0$aEducation$xBiographical methods. 615 0$aAutobiography$xAuthorship. 615 0$aMotherhood. 676 $a808.543 700 $aOnuora$b Adwoa Ntozake$f1982-$01541084 801 0$bMiAaPQ 801 1$bMiAaPQ 801 2$bMiAaPQ 906 $aBOOK 912 $a9910797053503321 996 $aAnansesem$93793051 997 $aUNINA LEADER 02336nam 2200589Ia 450 001 9910446325603321 005 20200520144314.0 010 $a1-281-80160-7 010 $a9786611801601 010 $a1-84593-441-5 035 $a(CKB)1000000000556856 035 $a(EBL)361217 035 $a(SSID)ssj0000140827 035 $a(PQKBManifestationID)11137208 035 $a(PQKBTitleCode)TC0000140827 035 $a(PQKBWorkID)10054919 035 $a(PQKB)10528654 035 $a(MiAaPQ)EBC361217 035 $a(Au-PeEL)EBL361217 035 $a(CaPaEBR)ebr10250494 035 $a(CaONFJC)MIL180160 035 $a(OCoLC)646762205 035 $a(EXLCZ)991000000000556856 100 $a20080220d2008 uy 0 101 0 $aeng 135 $aur|n|---||||| 181 $ctxt 182 $cc 183 $acr 200 10$aDomestic duck production $escience and practice /$fP. Cherry and T.R. Morris 205 $a1st ed. 210 $aWallingford, Oxfordshire, UK ;$aCambridge, MA $cCABI$dc2008 215 $a1 online resource (251 p.) 300 $aDescription based upon print version of record. 311 $a0-85199-054-1 320 $aIncludes bibliographical references and index. 327 $aContents; Preface; Acknowlegements; 1 History and Biology of the Domestic Duck; 2 Systems of Production; 3 Housing and Environment; 4 Husbandry of Table Duckling; 5 Nutrition and Factors Affecting Body Composition; 6 Rearing of Parent Stock; 7 Management of Breeding Ducks; 8 Fertility and Hatchability; 9 Genetic Improvement; Index 330 $aDucks are kept for profit in a great diversity of circumstances in both temperate and tropical climates. Outlining the biology of the domestic duck, this book provides quantitative descriptions of nutritional and environmental effects on growing and breeding ducks, as well as practical advice on husbandry, housing and management. 606 $aDucks 606 $aPoultry industry 615 0$aDucks. 615 0$aPoultry industry. 676 $a636.5/97 700 $aCherry$b P$g(Peter),$f1937-$0991896 701 $aMorris$b T. R$g(Trevor Raymond)$0906577 801 0$bMiAaPQ 801 1$bMiAaPQ 801 2$bMiAaPQ 906 $aBOOK 912 $a9910446325603321 996 $aDomestic duck production$92270011 997 $aUNINA